000 00400nam a2200157Ia 4500
008 220204s9999 xx 000 0 und d
082 _a632.951(036)
_bPAG
100 _aPage, B G
245 0 _aInsecticide herbicide fungicide quick guide
260 _aCalifornia
_bThomson
_c1985
650 _aFungicide
650 _aHerbicides
650 _aInsecticide
700 _aThomson, W T
942 _cBK
999 _c38992
_d38992